000 00605nam a2200193Ia 4500
003 GCL
008 140319s9999 xx 000 0 ara d
040 _aGCL /
_cGCL
082 0 4 _a398.27
_bد ب
100 1 _aابوبكر يوسف
245 1 0 _aبستان البدائع: حكايات شعبية قازاخيه /
_cابوبكر يوسف
700 1 _aدار التقدم
300 _a241 ص
490 _aالهيئة العامة للاستعلامات
_v0
650 0 4 _aالادب الشعبى
650 0 4 _aالقصص الخرافية
650 0 4 _aالقصص الشعبية
942 _2ddc
_cBK
999 _c50654
_d50654